Entry Topical Term
Number of records used in: 2
001 - CONTROL NUMBER
003 - CONTROL NUMBER IDENTIFIER
005 - DATE AND TIME OF LATEST TRANSACTION
- control field:
20230110123112.0
008 - FIXED-LENGTH DATA ELEMENTS
- fixed length control field:
230110|| aca||aabn | a|a d
040 ## - CATALOGING SOURCE
- Original cataloging agency:
OSt
- Transcribing agency:
OSt
150 ## - HEADING--TOPICAL TERM
- Topical term or geographic name as entry element:
PHARMACY
- General subdivision:
D.PHARMACY
670 ## - SOURCE DATA FOUND
- Source citation:
Work cat.: (OSt)8158: SATVANARAYANA , U. AND CHAKRAPANI , . 7421, ESSENTAIL OF BIOCHEMISTRY , 2021